Instructor de tiro (Registro nro. 9264)

Detalles MARC
000 -Cabecera
Campo de control de longitud fija 01460nam a22005657a 4500
005 - Fecha y hora de la última transacción
Campo de control 20251118153933.0
008 - Elementos de longitud fija--Información general
Campo de control de longitud fija 170407b2013 xxu||||| |||| 00| 0 spa d
020 ## - International Standard Book Number
Número Internacional Estándar del Libro (ISBN) 9789871521616
041 ## - Idioma
Código de idioma Español
082 ## - Clasificación Decimal Dewey
Número de clasificación 363.256.2 G984i
100 ## - Entrada principal--Autor personal
Nombre personal Gutiérrez, Javier R.
9 (RLIN) 42141
100 ## - Entrada principal--Autor personal
Nombre personal Ingui, Alberto D.
9 (RLIN) 42142
245 ## - Título propiamente dicho
Título Instructor de tiro
260 ## - Pie de imprenta
Lugar de publicación, distribución, etc. Argentina
260 ## - Pie de imprenta
Nombre del editor, distribuidor, etc. Seguridad y Defensa
260 ## - Pie de imprenta
Fecha de publicación, distribución, etc. 2013
300 ## - Descripción física
Extensión 336 páginas
490 ## - Serie
Título de la Serie Investigación Criminal
650 ## - Materia general
Temática (materia general) ARMAS DE FUEGO
650 ## - Materia general
Temática (materia general) SEGURIDAD
650 ## - Materia general
Temática (materia general) PÓLVORAS
650 ## - Materia general
Temática (materia general) HISTORIA DE LAS ARMAS DE FUEGO
650 ## - Materia general
Temática (materia general) EVOLUCIÓN DE LAS ARMAS DE FUEGO
650 ## - Materia general
Temática (materia general) CARTUCHOS
650 ## - Materia general
Temática (materia general) CALIBRES
650 ## - Materia general
Temática (materia general) ARMAS CORTAS
650 ## - Materia general
Temática (materia general) ARMAS LARGAS
650 ## - Materia general
Temática (materia general) FÚSILES
650 ## - Materia general
Temática (materia general) ESCOPETAS
650 ## - Materia general
Temática (materia general) BALÍSTICA
650 ## - Materia general
Temática (materia general) BALÍSTICA FORENSE
650 ## - Materia general
Temática (materia general) LIMPIEZA
650 ## - Materia general
Temática (materia general) MANTENIMIENTO
650 ## - Materia general
Temática (materia general) TIRO
650 ## - Materia general
Temática (materia general) RESPIRACIÓN
650 ## - Materia general
Temática (materia general) POSICIONES DE TIRO
650 ## - Materia general
Temática (materia general) VISIÓN
650 ## - Materia general
Temática (materia general) ESTRES OCULAR
650 ## - Materia general
Temática (materia general) TÉCNICA DE LA ENSEÑANZA
650 ## - Materia general
Temática (materia general) MÉTODOS DE ENSEÑANZA
650 ## - Materia general
Temática (materia general) INSTALACIONES PARA TIRO
650 ## - Materia general
Temática (materia general) COMBATE MILITAR
650 ## - Materia general
Temática (materia general) COMBATE POLICIAL
650 ## - Materia general
Temática (materia general) ENTRENAMIENTO MENTAL
650 ## - Materia general
Temática (materia general) RECARGA
650 ## - Materia general
Temática (materia general) TIRO NOCTURNO
650 ## - Materia general
Temática (materia general) PRIMEROS AUXILIOS
650 ## - Materia general
Temática (materia general) MECANISMOS DE LAS ARMAS
942 ## - Punto de acceso adicional KOHA
Tipo de ítem KOHA Libro
Fuente del sistema de clasificación o colocación Dewey Decimal Classification
Existencias
Signatura completa Código de barras Programa Académico Tipo de ítem
363.256.2 G984i 21987 Investigación Criminal Libro